000 00524nam a22002057a 4500
003 UA-OsUOA
001 10632
007 ta
008 20050203b un ||||| |||| 00| 0 ukr d
100 _aГаврильчик Владислав
942 _cSA
040 _aUA-OsUOA
_bukr
_cUA-OsUOA
_dUA-OsUOA
245 _aГаймеры, на старт!
300 _aС.38-44
955 _a0
041 _aukr
044 _aUA
773 0 _w0
_tЧип
_dКиїв
_d2005
_g№1
650 7 _aІгрові маніпулятори
_2UDC
999 _c296793
_d296793